000 00205nam a2200097Ia 4500
008 240331s9999 xx 000 0 und d
082 _bGOK
100 _aGokhale,N
245 4 _aThe Book of Shiva
942 _cL
999 _c5689
_d5689